000 00189nam a2200073Ia 4500
008 170817s9999 xx 000 0 und d
100 _aAggarwal.J.C
245 0 _aBasic Ideas In Educational Psychology
260 _bShipra Pub
999 _c38343
_d38343